000 00550nam a2200229Ia 4500
003 OSt
005 20220926042118.0
006 a|||||r|||| 00| 0
007 ta
008 220923b |||||||| |||| 00| 0 eng d
037 _cGeneral Book
040 _aRTL
_cRTL
_beng
041 _2eng
_aeng
082 _aU282, J3;1
100 _aHare F K
245 0 _aRestless atmosphere
260 _c1953
490 _aGeography
650 _aMeteorology
_9200073
942 _hU282, J3;1
_cGB
_2CC
999 _c668882
_d668882